La doctrina del shock: el auge del capitalismo del desastre
محفوظ في:
| المؤلف الرئيسي: | |
|---|---|
| التنسيق: | كتاب |
| اللغة: | الإسبانية |
| منشور في: |
Buenos Aires
Paidós
2008
|
| الطبعة: | 1a. ed |
| سلاسل: | Paidós Estado y Sociedad, 151
|
| الموضوعات: | |
| الوسوم: |
إضافة وسم
لا توجد وسوم, كن أول من يضع وسما على هذه التسجيلة!
|
MARC
| LEADER | 00000nam a2200000 a 4500 | ||
|---|---|---|---|
| 001 | UCI6746 | ||
| 003 | CL-VaPUC | ||
| 008 | 080523e20080000AG |||||||||||||||||spa|d | ||
| 020 | |a 9789561264517 | ||
| 082 | 0 | 4 | |a 330.112 |b KLE |2 21 |
| 100 | |a Klein, Naomi |e autor |9 580451 | ||
| 245 | 1 | 3 | |a La doctrina del shock: el auge del capitalismo del desastre |
| 250 | |a 1a. ed | ||
| 300 | |a 708 p | ||
| 942 | |c BK | ||
| 945 | |d 20080523 00:00:00 |a jtorresc | ||
| 260 | |a Buenos Aires |b Paidós |c 2008 | ||
| 650 | 0 | |a Economía |9 255568 | |
| 650 | 0 | |a Capitalismo |9 255255 | |
| 650 | 0 | |a Política económica |9 255029 | |
| 650 | 0 | |a Condiciones económicas |9 258255 | |
| 583 | |a last modification |c 20080523 00:00:00 |k Rodrigo Vera | ||
| 490 | 0 | |a Paidós Estado y Sociedad, 151 | |
| 999 | |c 330195 |d 330193 | ||
| 952 | |0 0 |1 0 |4 0 |6 330_112000000000000_KLE_2008 |7 0 |8 A |9 415621 |a BIBENE |b BIBENE |d 2019-11-22 |i 4441834 |o 330.112 KLE 2008 |p 4441834 |r 2025-01-15 |w 2019-11-22 |y BK |k ICO | ||
| 952 | |0 0 |1 0 |4 0 |6 330_112000000000000_KLE_2008 |7 0 |8 A |9 415622 |a BIBEDU |b BIBEDU |d 2019-11-22 |i 4450175 |o 330.112 KLE 2008 |p 4450175 |r 2019-11-22 |w 2019-11-22 |y BK |k PSI | ||
| 952 | |0 0 |1 0 |4 0 |6 330_112000000000000_KLE_2008 |7 0 |8 A |9 415623 |a BIBCUR |b BIBCUR |d 2019-11-22 |i 4573188 |l 1 |m 1 |o 330.112 KLE 2008 |p 4573188 |r 2025-04-22 |s 2023-08-21 |w 2019-11-22 |y BK |k PER | ||